000 00601 a2200181 4500
001 130854
020 _a85-224-0984-6
040 _cLeonardo Da Vinci
041 _aPortuguês
082 _a658.81 S559q
_bS559q
100 _aSHIOZAWA, Ruy Sérgio Cacese
245 _aQualidade no atendimento e tecnologia de informação
260 _bAtlas
_c1993
_aSão Paulo
300 _a129
362 _a19930000
697 _aAdministração
_aMarketing
_aServiços ao cliente
_aAtendimento ao cliente
_aCliente
_aConsumidor
_aQualidade
_aControle de qualidade
_aTecnologia da informação
_aFIPEN
942 _cBK
999 _c130854
_d130854